000 00432nam a2200181Ia 4500
001 23243
005 20260414150924.0
008 260414t2007||||xx |||||||||||||| ||spa||
041 _aESP
082 _a627.13
_bV68
100 _aVillón Béjar, Máximo Gerardo
_eAUT
245 0 _aHidráulica de canales
_b
260 _c2007
300 _a508 páginas :
_c21 cm.
650 _a0
654 _aCIC
942 _cLIB
_dJUS
_fJUS
_2ddc
_n
999 _c23243
_d23243